00326nam a2200145Ia 4500008004100000020001500041041001200056082001100068100001600079245001200095260003300107300001300140650001200153700001500165221030s9999 xx 000 0 und d a8126510897 aEnglish a105.23 aD. Halliday 0aPhysics bWilley Pub.aNew Delhic2007 a568-1198 aPhysics aR. Resnick